|
|
|
|
| LEADER |
00000nkm a2200000 a 4500 |
| 001 |
vtls012014412 |
| 003 |
SK-MaSNL |
| 005 |
20260512122606.0 |
| 007 |
kp bo |
| 008 |
231121q1939 xo g kuslo |
| 015 |
|
|
|a SNBG
|
| 035 |
|
|
|a urn:nbn:sk:snk-km00f9x8
|
| 035 |
|
|
|a urn:nbn:sk:snk-km45sxq
|
| 035 |
|
|
|a A6FC6133-6002-4C46-8391-47F3039B6FCE
|
| 040 |
|
|
|a SNK
|b slo
|c SNK
|e AACR2
|
| 041 |
0 |
|
|a slo
|
| 043 |
|
|
|a e-xo---
|
| 044 |
|
|
|a xo
|c SK
|
| 072 |
|
7 |
|a 913
|x Regionálna geografia
|2 konspekt
|
| 080 |
|
|
|a 913(437.6)
|2 2011
|
| 080 |
|
|
|a 904:72/7.025.21
|2 2011
|
| 080 |
|
|
|a 728.81
|2 2011
|
| 080 |
|
|
|a 904(084.121)
|2 2011
|
| 245 |
0 |
0 |
|a Hrad Hričov
|h grafika
|
| 260 |
|
|
|a Bratislava
|b Š. Šrobár
|c [medzi 1939 a 1944?]
|e Holice
|f Grafo Čuda
|
| 300 |
|
|
|a 1 pohľadnica
|b čiernobiela
|c 14 x 9 cm
|
| 520 |
8 |
|
|a Zobrazenie: V bielom orámovaní pohľad z diaľky na zrúcaninu hradu, čnejúcu sa na skale nad stromami. V popredí vpravo sú dva listnaté stromy a vľavo jeden
|
| 610 |
2 |
7 |
|a Hričov (Hričovské Podhradie, Slovensko : hrad)
|2 SNKKA
|9 164965
|
| 650 |
0 |
7 |
|a zrúcaniny historických objektov
|2 SNKPH
|9 105150
|
| 650 |
0 |
7 |
|a kultúrne pamiatky
|2 SNKPH
|9 2862
|
| 650 |
0 |
7 |
|a hrady
|2 SNKPH
|9 3039
|
| 651 |
|
7 |
|a Hričovské Podhradie (Slovensko)
|2 SNKPHgeo
|9 97941
|
| 655 |
|
7 |
|a miestne pohľadnice
|2 SNKPH
|9 70510
|
| 655 |
|
7 |
|a pohľadnice kultúrnych pamiatok
|2 SNKPH
|9 70523
|
| 852 |
|
|
|a Slovenská národná knižnica
|
| 958 |
|
|
|a GC
|
| 958 |
|
|
|a GBN
|
| 958 |
|
|
|a OND
|
| 958 |
|
|
|a EUIPO
|
| 999 |
|
|
|c 611018
|d 612948
|
| 952 |
|
|
|a SNK
|b SNK
|y PREZ
|7 0
|p 17A1232892
|o snkSP 13702
|0 0
|1 0
|4 0
|d 2021-02-15
|f 1
|l 0
|r 2026-02-23 16:22:55
|w 2026-02-23
|